A Menina Branca, o rapaz preto (Registo nº 4477)

Detalhes MARC
000 -Etiqueta do registo
Cabeçalho 00591nam0a2200253 4500
005 - Identificador da versão
Campo de controlo 20240813122103.0
021 ## - Número do Depósito Legal
Código do país PT
100 ## - Dados gerais de processamento
Dados gerais de processamento 20130416d a y0pory5003 ba
102 ## - Pais de publicação ou produção
País de publicação Portugal
101 0# - Língua de publicação
Língua do texto, banda sonora, etc. Português
106 ## - Campo de dados codificados: material textual
Dados codificados do material textual r
105 ## - Campo de dados codificados: livros
Dados codificados dos livros a z 001yy
215 ## - Descrição física 
Indicação específica da natureza do documento e extensão da espécie p.
Dimensões cm
200 1# - Titulo e menção de responsabilidade
Título próprio A Menina Branca, o rapaz preto
Primeira menção de responsabilidade Luisa Ducla Soares
225 1# - Colecção 
Indicação de volume 10
205 ## - Menção da edição
Menção da edição 1 ed
210 ## - Publicação, Distribuição, etc. 
Lugar da edição, distribuição, etc. Mafra
Nome do editor, distribuidor, etc. Altagráfica
Data da publicação, distribuição, etc. 1985
304 ## - Notas relativas a título e menção de responsabilidade 
Texto da nota Tít. orig.:
700 #1 - Nome de autor-pessoa física (responsabilidade principal)
Número de registo de entrada de autoridade 0001322
Palavra de ordem Luísa
Outra parte do nome não tomada para palavra de ordem Ducla Soares
966 ## - Identificação da Biblioteca
Sigla BEVENDAS
942 ## - Elementos de entrada adicionados (Koha)
Tipo de item no Koha Livro
Exemplares
Situação do levantamento Origin of item (home branch) (coded) Biblioteca de empréstimo Código de barras Cota Circulation type (not for loan) Tipo de documento Nota do exemplar Damaged status
  Biblioteca Escolar das Vendas Biblioteca Escolar das Vendas BEV482 8POR SOA   Livro Sem mensagem